根据民族语言含义写城市名(部分)Cities' Names According to Native Languages - Statistics

General Stats
  • This quiz has been taken 24 times
    19 since last reset
  • The average score is 5 of 49
Answer Stats
语言 含义 答案 % Correct
维吾尔语 黑油 克拉玛依市
56%
藏语 圣地 拉萨市
50%
蒙古语 青色的城市 呼和浩特市
44%
满语 松花江沿岸 吉林市(吉林乌拉)
31%
傣语 黎明之城 景洪市
25%
蒙古语 众多的宫殿 鄂尔多斯市
25%
蒙古语 红色的城市 乌兰浩特市
25%
有待商榷 蒙古语——湖泊草原 呼伦贝尔市
19%
蒙古语 富饶的湖泊 巴彦淖尔市
19%
藏语 黑河 那曲市
19%
满语 站官屯/驿丞村 佳木斯市(甲母克寺噶珊/嘉木寺屯)
13%
维吾尔语 白色的水 阿克苏市
13%
蒙古语 红色的山口 乌兰察布市
13%
达斡尔语 边疆/天然牧场 齐齐哈尔市
13%
蒙古语 优美的牧场 乌鲁木齐市
13%
有争议 一说来自满语——开阔的原野且毗邻冰河岸和森林一说来自女真语——荣誉 另有许多不被广泛认可的观点 哈尔滨市
13%
壮语 山川塞口地形复杂的地方 百色市(博涩寨)
13%
维吾尔语/柯尔克孜语 两山之间 阿图什市
13%
苗语 木老人(仫佬人)的田 凯里市
6%
蒙古语 草原之城 锡林浩特市
6%
布依语 彩云之城 都匀市(都云)
6%
蒙古语 寒冷 奎屯市
6%
蒙古语 斑斓的城市 二连浩特市
6%
(古)肃慎语 天之城 长春市(茶啊冲)
6%
有争议 一说来自佤语/布朗语——兄弟一说来自哈尼语——家园 普洱市
6%
藏语 湖前面 错那市
6%
藏语 两水汇合口 昌都市
6%
突厥语 金山 阿勒泰市
6%
突厥语 火热的土地 吐鲁番市
6%
维吾尔语 玉石集中的地方 喀什市(喀什噶尔)
6%
蒙古语 雪地黑水 乌苏市(库尔喀拉乌苏)
0%
藏语 药洲 米林市
0%
哈萨克语+蒙古语组合 绿色原野 可克达拉市
0%
蒙古语 广阔的金色世界 德令哈市
0%
蒙古语 河流密集的地方 格尔木市
0%
蒙古语 奉献(原意为捧呈/递献) 额尔古纳市
0%
藏语 火苗旺盛的地方 马尔康市
0%
突厥语 胡同 库车市
0%
维吾尔语 绿色岛屿 阿拉尔市
0%
维吾尔语 眺望 库尔勒市
0%
维吾尔语 鹰面部突出的地方 图木舒克市
0%
苗语 繁荣昌盛且位置比较重要的地方 吉首市
0%
满语 边地/边陲/边城 珲春市
0%
蒙古语 有旱獭的地方 塔城市(塔尔巴哈台)
0%
藏语 太阳宝座 林芝市
0%
彝语 种荞子,吃荞饭的地方 个旧市
0%
有待商榷 可能来自彝语山名,意为与天一样高的山 蒙自市(来自目则山)
0%
藏语 土地肥美的庄园 日喀则市
0%
满语 河流众多/万水之源 图们市(图们色禽)
0%
No matching quizzes found
Score Distribution
Percent of People with Each Score
Percentile by Number Answered
Your Score History
You have not taken this quiz since the last reset